Choong on real property gains tax : Law & Practice

Bibliographic Details
Main Author: Choong Kwai Fatt
Format: Book
Language:English
Published: Petaling Jaya : LexisNexis , 2014
Subjects:

MARC

LEADER 00000cam a2200000 7i4500
001 0000026722
005 20160119.0
008 080116 my eng
020 |a 9789674002299 ,   |c RM280.00 
040 |a INS 
090 0 0 |a KPG3130   |b C56 2014 
100 1 |a Choong Kwai Fatt 
245 1 0 |a Choong on real property gains tax :   |b Law & Practice   |c Choong Kwai Fatt 
260 |a Petaling Jaya :   |b LexisNexis ,   |c 2014 
300 |a xxxviii,644p. ;   |c 24cm. 
500 |a Includes index 
650 0 |a Property tax   |z Malaysia 
650 0 |a Real property Tax   |x Law and legislation   |z Malaysia 
999 |a 1000002557   |b BOOK   |c Open Shelf   |e Default branch